Online
Catalog

Teatro crítico universal / (Record no. 6084)

MARC details
000 -CABECERA
campo de control de longitud fija 00725cam a2200205 a 4500
001 - NÚMERO DE CONTROL
campo de control 000006289
005 - FECHA Y HORA DE LA ÚLTIMA TRANSACCIÓN
campo de control 20200929153918.0
008 - DATOS DE LONGITUD FIJA--INFORMACIÓN GENERAL
campo de control de longitud fija 830204s1941 sp b 001 d spa
040 ## - FUENTE DE LA CATALOGACIÓN
Centro catalogador/agencia de origen DO-SdBNP
Lengua de catalogación spa
Centro/agencia transcriptor BNPHU
082 ## - NÚMERO DE LA CLASIFICACIÓN DECIMAL DEWEY
Número de clasificación 808.204
Número de documento/Ítem F297t
100 1# - ENTRADA PRINCIPAL--NOMBRE DE PERSONA
Nombre de persona Feijóo y Montenegro, Benito Jerónimo,
Fechas asociadas al nombre 1676-1764.
9 (RLIN) 15937
245 10 - MENCIÓN DE TÍTULO
Título Teatro crítico universal /
Mención de responsabilidad, etc. Benito Jerónimo Feijóo.
260 ## - PUBLICACIÓN, DISTRIBUCIÓN, ETC.
Lugar de publicación, distribución, etc. Madrid :
Nombre del editor, distribuidor, etc. Espasa-Calpe,
Fecha de publicación, distribución, etc. 1941.
300 ## - DESCRIPCIÓN FÍSICA
Extensión v. ;
Dimensiones 19 cm.
490 1# - MENCIÓN DE SERIE
Mención de serie Clásicos castellanos
Designación de volumen o secuencia 48, 53
500 ## - NOTA GENERAL
Nota general La biblioteca posee los volúmenes 1, 2 y 3.
650 #4 - PUNTO DE ACCESO ADICIONAL DE MATERIA--TÉRMINO DE MATERIA
Término de materia o nombre geográfico como elemento de entrada Teatro español
Subdivisión general Historia y crítica
9 (RLIN) 15506
650 #4 - PUNTO DE ACCESO ADICIONAL DE MATERIA--TÉRMINO DE MATERIA
Término de materia o nombre geográfico como elemento de entrada Literatura española
Subdivisión cronológica SIGLO XVIII
9 (RLIN) 13698
830 #0 - PUNTO DE ACCESO ADICIONAL DE SERIE-TÍTULO UNIFORME
Título uniforme Clásicos Castellanos ;
Designación de volumen o secuencia 48, 53
9 (RLIN) 4180
Holdings
Estado de retiro Estado de pérdida Restricciones de uso No para préstamo Código de colección Localización permanente Ubicación/localización actual Ubicación en estantería Fecha de adquisición Número de inventario Total de préstamos Signatura topográfica completa Código de barras Fecha visto por última vez Precio válido a partir de Tipo de ítem Koha
        Monografías: Libros y Folletos General General Depósito 27.08.2009 LF1   808.204 F297t | v.1 6289-10 25.06.2020 25.06.2020 Préstamo en sala
        Monografías: Libros y Folletos General General Depósito 27.08.2009 LF1   808.204 F297t | v.3 6289-20 25.06.2020 25.06.2020 Préstamo en sala
        Monografías: Libros y Folletos General General Depósito 11.05.2010 LF1   808.204 F297t | v.2 6289-30 25.06.2020 25.06.2020 Préstamo en sala

Powered by Koha